[Event "Central Region-ch U10"]
[Site "Manizales"]
[Date "2014.05.16"]
[Round "2.3"]
[White "Lopez Ramirez, David Santiago"]
[Black "Pineda Calderon, Jacobo"]
[Result "1-0"]
[WhiteElo "1502"]
[BlackElo "1301"]
[PlyCount "115"]
[EventDate "2014.05.15"]
[EventType "swiss"]
[EventRounds "6"]
[EventCountry "COL"]
[SourceTitle "EXT 2024"]
[Source "ChessBase"]
[SourceDate "2023.10.10"]
[SourceVersion "1"]
[SourceVersionDate "2023.10.10"]
[SourceQuality "1"]

1. e4 e5 2. Nf3 Nc6 3. Bb5 Nge7 4. 0-0 a6 5. Ba4 Ng6 6. Nc3 Bb4 7. a3 Bxc3 8. dxc3 0-0 9. Be3 d6 10. h3 Be6 11. Re1 b5 12. Bb3 Bxb3 13. cxb3 Nge7 14. b4 d5 15. exd5 Nxd5 16. Bc5 Re8 17. Qb3 e4 18. Nd4 Nxd4 19. cxd4 c6 20. Qc2 e3 21. f3 Qh4 22. Bd6 Re6 23. Qxc6 Qf2+ 24. Kh1 Rd8 25. Qxd5 Rexd6 26. Qe5 Re6 27. Qc7 Rde8 28. d5 Rg6 29. Rg1 e2 30. Qc2 Rxg2 31. Rxg2 e1Q+ 32. Rxe1 Rxe1+ 33. Kh2 Qxc2 34. Rxc2 Kf8 35. Rc6 Rb1 36. Rxa6 Rxb2+ 37. Kg3 Rd2 38. d6 Ke8 39. Kf4 f6 40. Ke4 g5 41. Kf5 Kd7 42. Kxf6 Rd3 43. Kxg5 Rxf3 44. h4 Ke6 45. h5 h6+ 46. Kxh6 Rg3 47. d7+ Kxd7 48. Rg6 Rxg6+ 49. hxg6 Ke7 50. Kg7 Ke8 51. Kg8 Ke7 52. Kh7 Kf8 53. g7+ Kf7 54. g8Q+ Ke7 55. Qg6 Kd7 56. Kh6 Ke7 57. Kg5 Kd7 58. Qf5+ 1-0